00358nam a22001337a 450000500170000000800410001704100120005808200120007010000120008224500310009426000470012530000270017265000250019920240801093121.0240801b |||||||| |||| 00| 0 eng d aEnglish a349 SOU lEnglish aSouth African Law Reports  aCape Town: bJuta and Company Ltd, c1925  bx, 387 pages; c25 xm. aLegal practice bLaw